[Event "67th ch-RUS 2014"]
[Site "Kazan RUS"]
[Date "2014.11.29"]
[Round "2.1"]
[White "Lysyj, Igor"]
[Black "Svidler, Peter"]
[Result "1/2-1/2"]
[WhiteTitle "GM"]
[BlackTitle "GM"]
[WhiteElo "2686"]
[BlackElo "2743"]
[WhiteFideId "4150120"]
[BlackFideId "4102142"]
[EventDate "2014.11.28"]

1. d4 Nf6 2. c4 g6 3. Nc3 d5 4. Bf4 Bg7 5. e3 c5 6. dxc5 Qa5 7. Rc1 dxc4 8. Bxc4
O-O 9. Ne2 Nc6 10. O-O Qxc5 11. Nb5 Be6 12. Bd3 Qb4 13. a3 Qb3 14. Ned4 Nxd4 15.
Nxd4 Qxd1 16. Rfxd1 Nd5 17. Nxe6 fxe6 18. Rc2 Rac8 19. Rxc8 Rxc8 20. Rb1 Nxf4
21. exf4 Rd8 22. Bc4 Kf7 23. b3 Rd2 24. Re1 Bd4 25. Rxe6 Bxf2+ 26. Kf1 Kf8 27.
Re2 Rxe2 28. Kxe2 Bc5 29. a4 Bd6 30. Kf3 e5 31. fxe5 Bxe5 32. Ke4 1/2-1/2

[Event "67th ch-RUS 2014"]
[Site "Kazan RUS"]
[Date "2014.11.29"]
[Round "2.3"]
[White "Khismatullin, Denis"]
[Black "Zvjaginsev, Vadim"]
[Result "0-1"]
[WhiteTitle "GM"]
[BlackTitle "GM"]
[WhiteElo "2679"]
[BlackElo "2655"]
[WhiteFideId "4142578"]
[BlackFideId "4113403"]
[EventDate "2014.11.28"]

1. Nf3 c5 2. c4 Nc6 3. Nc3 g6 4. e3 Nf6 5. d4 cxd4 6. exd4 d5 7. cxd5 Nxd5 8.
Qb3 e6 9. Bb5 Bg7 10. O-O O-O 11. Bxc6 bxc6 12. Na4 Ba6 13. Re1 Rb8 14. Qd1 c5
15. Nxc5 Bb7 16. b3 Ba8 17. Bg5 Nf6 18. Rc1 Rc8 19. Ne5 Qd5 20. f3 Ng4 21. Bf4
g5 22. Bg3 h5 23. Rc2 h4 24. Nxg4 hxg3 25. Rd2 gxh2+ 26. Kh1 Rfd8 27. Ne4 Qf5
28. Nef6+ Kf8 29. Nh5 Bh8 30. Qe2 Rxd4 31. Rxd4 Bxd4 32. Rd1 Rc2 33. Rd2 Rc1+
34. Rd1 Rc2 35. Rd2 Rc1+ 36. Rd1 Qb1 37. Rxc1 Qxc1+ 38. Kxh2 Qg1+ 39. Kh3 Qh1+
40. Nh2 Bg1 41. Qe5 g4+ 42. Kxg4 Qxg2+ 43. Ng3 Bf2 44. Nf1 Qxf3+ 45. Kh3 Bd5 46.
Qb8+ Kg7 47. Qe5+ Kg6 0-1